| 000 | 00722nam a2200253 a 4500 | ||
|---|---|---|---|
| 001 | BRCA_7734 | ||
| 005 | 20190320205952.0 | ||
| 008 | 060913s1950----fr-a######---#000-0#fre-# | ||
| 041 | _afre | ||
| 044 | _afr | ||
| 050 | 4 |
_aNK2547 _b.B37 1950 |
|
| 100 | 1 |
_aBarotte, René _919138 |
|
| 245 | 1 | 0 |
_aLe meuble francais _ba travers les ages _cRené Barotte ; dirigido par Jean Hermont. |
| 250 | _a2 | ||
| 260 |
_aParís _bLes Editions Internationales _c1950 |
||
| 300 |
_a122 p. _bil., 23 láminas _c20 cm. |
||
| 440 | 0 |
_aEncyclopedie pittoresque _913062 |
|
| 500 | _aU81 | ||
| 650 | 1 | 4 |
_aMuebles franceses _919139 |
| 650 | 1 | 4 |
_aMuebles _xHistoria _94173 |
| 700 | 1 |
_aHermont, Jean _919140 |
|
| 902 | _aGFM | ||
| 942 |
_2lcc _cB |
||
| 999 |
_c7408 _d7408 |
||